La conducción del aprendizaje durante el curso por correspondencia de mejoramiento profesional para directores de escuelas primarias y asesores de mejoramiento profesional masivo del magisterio titulado / (Record no. 10765)

MARC details
000 -CABECERA
campo de control de longitud fija 00822nam a2200193 a 4500
005 - FECHA Y HORA DE LA ÚLTIMA TRANSACCIÓN
campo de control 20240416063948.0
008 - ELEMENTOS DE LONGITUD FIJA--INFORMACIÓN GENERAL
campo de control de longitud fija 991125s1968 mx 000 0 spa u
035 ## - NÚMERO DE CONTROL DEL SISTEMA
Número de control de sistema UPN01000010765
049 ## - COLECCIÓN
Colección SEP
050 #4 - SIGNATURA TOPOGRÁFICA DE LA BIBLIOTECA DEL CONGRESO
Número de clasificación LB1731
Número de documento/Ítem A4.2
100 1# - ASIENTO PRINCIPAL--NOMBRE PERSONAL
Nombre de persona Albarrán Múgica, Francisco
245 13 - MENCIÓN DE TÍTULO
Título La conducción del aprendizaje durante el curso por correspondencia de mejoramiento profesional para directores de escuelas primarias y asesores de mejoramiento profesional masivo del magisterio titulado /
Mención de responsabilidad, etc. Francisco Albarrán Múgica.
260 ## - PUBLICACIÓN, DISTRIBUCIÓN, ETC.
Lugar de publicación, distribución, etc. Chilpancingo :
Nombre del editor, distribuidor, etc. SEP, Instituto Federal de Capacitación del Magisterio,
Fecha de publicación, distribución, etc. 1968.
300 ## - DESCRIPCIÓN FÍSICA
Extensión 4 h.
500 ## - NOTA GENERAL
Nota general "Junta estatal de planeación 1968/1969"
650 #4 - ASIENTO SECUNDARIO DE MATERIA - TERMINO TEMATICO
Término de materia o nombre geográfico como elemento de entrada Educación a distancia
9 (RLIN) 7924
650 #4 - ASIENTO SECUNDARIO DE MATERIA - TERMINO TEMATICO
Término de materia o nombre geográfico como elemento de entrada Maestros en servicio, Formación de
Subdivisión de forma Congresos
9 (RLIN) 876
905 ## - TIPO DE MATERIAL
Tipo de material Libro
Holdings
Estado de retiro Estado de pérdida Fuente del sistema de clasificación o colocación Estado dañado No para préstamo Código de colección Localización permanente Ubicación/localización actual Ubicación en estantería Fecha de adquisición Clasificación Código de barras Fecha visto por última vez Número de copia Tipo de ítem Koha
    Library of Congress Classification   Coleccion SEP Colección SEP Bib. Gregorio Torres Quintero Bib. Gregorio Torres Quintero Colección SEP 09/05/2023 LB1731 A4.2 5354F 31/12/2020 1 Libro